=LDR 00000nam 2200000 4500 =001 INLIS000000000007860 =005 20130612095809 =008 ***********************************Ind** =035 ##$$0010-061300000007860 =041 ##$$a Ind =082 ##$$a 781.34 =090 ##$$a 781.34, Tos k =100 ##$$a Tosin, Rijanto =245 ##$$a Komputer musik lagu perjuangan dan pembangunan, Rijanto Tosin, Firman I.M =260 ##$$a 1995 $b Jakarta =300 ##$$a iv, 92 hlm, ilus, 21 cm =650 ##$$a Komputer-Program musik